Digest of labour statistics 2004 Republic of Mauritius
Guardado en:
| Formato: | Libro |
|---|---|
| Lenguaje: | inglés |
| Publicado: |
Port Louis
Central Statistics Office
2005
|
| Materias: | |
| Etiquetas: |
Sin Etiquetas, Sea el primero en etiquetar este registro!
|
MARC
| LEADER | 00000nam$a2200000$$$4500 | ||
|---|---|---|---|
| 001 | 0051646 | ||
| 005 | 20251201094929.6 | ||
| 041 | 0 | |a eng | |
| 044 | |a MU | ||
| 245 | 1 | 0 | |a Digest of labour statistics 2004 |b Republic of Mauritius |
| 264 | 1 | |a Port Louis |b Central Statistics Office |c 2005 | |
| 300 | |a 93 s. | ||
| 610 | 2 | 0 | |a sily pracovné |
| 610 | 2 | 0 | |a vek |
| 610 | 2 | 0 | |a mzdy |
| 610 | 2 | 0 | |a zamestnanosť |
| 610 | 2 | 0 | |a nezamestnanosť |
| 610 | 2 | 0 | |a podnik veľký |
| 610 | 2 | 0 | |a zamestnanci |
| 610 | 2 | 0 | |a sektory hospodárske |
| 610 | 2 | 0 | |a Maurícius |